[Event "Bad Woerishofen op"]
[Site "Bad Woerishofen"]
[Date "2001.??.??"]
[Round "7"]
[White "Dahmen, Juergen"]
[Black "Sanna, Giuseppe"]
[Result "1/2-1/2"]
[WhiteElo "1624"]
[BlackElo "1601"]
[Annotator "ChessOrg"]
[PlyCount "90"]
[EventDate "1998.03.05"]
[Source "ChessBase"]
[SourceDate "1998.04.29"]

1. c4 {A18: Englische Eroeffnung} 1... e6 2. Nc3 Nf6 3. e4 d6 4. d4 Nbd7 5. Bg5
{letzter Buchzug} 5... Be7 6. Nf3 O-O 7. Bd3 h6 8. Be3 Ng4 9. Qd2 Nxe3 10. Qxe3
(10. fxe3 10... Bf6 $11) 10... e5 11. d5 Nc5 12. Bc2 f5 13. b4 f4 14. Qd2 Nd7
15. O-O-O a5 16. b5 Nc5 17. a4 (17. Na4 Nxa4 18. Bxa4 18... Qe8 $11) 17... g5 (
17... Bd7 18. Ne1 $15) 18. Rdg1 (18. h3 18... Bd7 $11) 18... g4 19. Ne1 Bg5 20.
f3 h5 21. Kb2 h4 (21... c6 22. Nd3 Qb6 23. fxg4 cxb5 24. Nxb5 Bxg4 25. Nxc5
Qxc5 26. h3 $11) 22. Qe2 g3 23. hxg3 (23. Nd3 23... Nd7 $14) 23... fxg3 $11 24.
f4 $4 (24. Nd3 $11 $142) 24... Rxf4 $17 (24... Bxf4 $6 25. Qh5 Qg5 26. Qxh4
Bc1+ 27. Kb1 Qxh4 28. Rxh4 $11) 25. Rf1 Bg4 26. Nf3 Qf6 27. Bd1 Rf8 28. Qc2 Qg6
(28... Qe7 29. Kb1 $19) 29. Be2 (29. Nxh4 Bxh4 30. Rxh4 Rf2 (30... Rxf1 $143
31. Rxg4 Qxg4 32. Bxg4 $16) 31. Rxf2 gxf2 32. Rxg4 Qxg4 33. Bxg4 33... f1=Q $19
) 29... Bxf3 (29... h3 30. Rxh3 Bxh3 31. gxh3 $19) 30. Bxf3 $17 30... R8f7 31.
Qe2 Qf6 32. Qc2 Qd8 33. Ne2 Rxf3 (33... R4f6 $5 $17) 34. Rxf3 $15 34... Rxf3
35. gxf3 35... g2 $4 (35... Qf6 36. Ng1 36... Qf4 $17) 36. Rh2 $18 36... Qf6 (
36... g1=Q $5 37. Nxg1 c6 38. Nh3 $18) 37. Rxg2 h3 38. Rh2 $4 (38. Rg4 Kf7 39.
Rg3 $16) 38... Qxf3 $11 39. Ng1 $2 (39. Kb1 Nd3 40. Ka1 40... Be3 $11) 39...
Qe3 (39... Qg3 $142 40. Rxh3 40... Qxg1 $19) 40. Nxh3 $11 (40. Rxh3 $2 40...
Qxg1 41. Ka2 41... Nxa4 $19) 40... Nxa4+ $4 (40... Nd3+ 41. Ka3 Nc1+ 42. Kb2
Nd3+ 43. Ka3 Nc1+ 44. Kb2 44... Nd3+ $11) 41. Ka2 (41. Qxa4 $142 41... Bh6 42.
Qc2 $18) 41... Nc3+ $11 42. Kb2 Na4+ 43. Ka2 (43. Qxa4 $142 43... Bh6 44. Qc2
$18) 43... Nc3+ $11 44. Kb2 Na4+ 45. Ka2 (45. Qxa4 $142 45... Bh6 46. Qc2 $18)
45... Nc3+ $11 1/2-1/2

[Event "Bad Woerishofen op"]
[Site "?"]
[Date "2001.??.??"]
[Round "1"]
[White "Damm, Fabian"]
[Black "Voeller, Lothar"]
[Result "1-0"]
[WhiteElo "2144"]
[BlackElo "1650"]
[Annotator "ChessOrg"]
[PlyCount "175"]
[EventDate "2000.??.??"]

1. d4 {D30: Damengambit (ohne Sc3)} 1... d5 2. Nf3 Nf6 3. Bg5 e6 4. e3 Be7 5.
c4 c6 6. Nc3 6... a6 {letzter Buchzug} 7. Bd3 Nbd7 8. O-O dxc4 9. Bxc4 b5 10.
Bd3 c5 11. Ne5 (11. Bxf6 Bxf6 12. Ne4 cxd4 13. Nd6+ 13... Kf8 $11) 11... Bb7
12. Nxd7 Nxd7 13. Bxe7 Qxe7 14. a4 (14. Rc1 14... Rd8 $11) 14... b4 15. Be4 Nf6
16. Bxb7 Qxb7 17. Ne2 cxd4 18. Nxd4 O-O 19. Qb3 Ne4 20. Rfc1 Rfc8 21. Qd1 Nf6
22. Qf3 Qxf3 23. gxf3 g6 (23... Nd5 $5 $11) 24. Nc6 $14 24... Kf8 25. Nxb4 a5
26. Nc6 Nd7 27. Kf1 e5 28. Rc3 f6 (28... Nb6 29. Nxe5 Rxc3 30. bxc3 $14) 29. f4
(29. Rd1 $5 29... Ke8 30. Rd6 $16) 29... exf4 $14 30. exf4 Nb6 31. Rc5 Rc7 32.
Nd4 Rxc5 33. Ne6+ Ke7 34. Nxc5 Nc4 35. b3 Nd2+ 36. Ke2 Rc8 37. Kxd2 Rxc5 38.
Re1+ Kd7 39. Re3 Rh5 40. h3 Rf5 41. Rd3+ Kc7 42. Ke3 Rh5 43. Kd4 Kd6 (43... Kc6
44. Ke4 $11) 44. Kc4+ $14 44... Kc6 45. b4 axb4 46. Kxb4 Rf5 47. Rd4 g5 (47...
Rh5 $5 $11) 48. Rc4+ $16 48... Kb6 49. Re4 h5 50. Re6+ (50. a5+ Ka6 51. Re6+
Ka7 52. fxg5 fxg5 53. Rh6 Rf4+ 54. Kb5 Rf5+ 55. Kc4 $11) 50... Ka7 51. Re7+ Ka6
52. Re6+ Ka7 53. Re4 Kb6 54. Kc4 Kc6 55. Kd4 Kd6 56. Ke3 Rc5 57. Kf3 Rc3+ 58.
Kg2 Kd5 59. Rb4 59... Kc5 $2 (59... Rc5 $16 $142) 60. Rb5+ $18 60... Kd6 61.
fxg5 fxg5 62. Rxg5 Ra3 63. Rxh5 (63. a5 63... h4 $18) 63... Rxa4 64. Rf5 Ke6
65. Rf3 Ke5 66. Rf8 Rb4 67. Kg3 Rb1 68. Kh4 Rg1 69. Kh5 Ke6 70. h4 Ke7 71. Rf5
Ke6 72. Rf3 Rg2 73. Kh6 Ke7 74. h5 Ke6 75. Kh7 Ke7 76. h6 Ke8 (76... Rg4 77.
Rg3 Rf4 78. Kg6 Rf6+ 79. Kg5 Rxf2 80. h7 $18) 77. Rf6 (77. Rg3 $5 $142 77...
Rxf2 78. Kg6 78... Ke7 $18) 77... Ke7 78. Rf5 Ke6 79. Rf3 Ke7 80. Kh8 Ke8 81.
h7 Ke7 82. Rg3 Rxf2 83. Kg7 Rf7+ 84. Kg6 Rf6+ 85. Kh5 Rf1 86. Rg8 Rh1+ 87. Kg6
Rg1+ 88. Kf5 (88. Kf5 Rf1+ 89. Ke4 Re1+ 90. Kf3 $18) 1-0

[Event "Bad Woerishofen op"]
[Site "Bad Woerishofen"]
[Date "2001.??.??"]
[Round "3"]
[White "Damm, Fabian"]
[Black "Campe, Herbert"]
[Result "1-0"]
[WhiteElo "2144"]
[BlackElo "1716"]
[Annotator "ChessOrg"]
[PlyCount "77"]
[EventDate "1998.03.05"]
[Source "ChessBase"]
[SourceDate "1998.04.29"]

1. e4 {B73: Sizilianisch (Drachen-Variante)} 1... c5 2. Nf3 d6 3. d4 cxd4 4.
Nxd4 Nf6 5. Nc3 g6 6. Be2 Bg7 7. O-O O-O 8. Be3 Nc6 9. Qd2 Bd7 10. Kh1 {
letzter Buchzug} 10... Ng4 11. Bxg4 Bxg4 12. Nd5 Rc8 13. f3 Bd7 14. Nb5 Bxb2
15. Rab1 Bg7 16. Nxa7 Nxa7 17. Bxa7 Bc6 18. c4 f5 19. Bd4 (19. Rfe1 fxe4 20.
Rxe4 20... e5 $14) 19... Bxd4 20. Qxd4 Ra8 21. Rfe1 (21. exf5 Rxf5 (21... Rxa2
$143 22. Rfe1 Rf7 23. Nb4 $16) 22. Rfe1 22... e5 $11) 21... e6 $15 (21... Rxa2
22. exf5 Rf7 23. fxg6 hxg6 24. Re6 $18) 22. Nb4 fxe4 (22... e5 23. Qd2 $15) 23.
Nxc6 $11 23... bxc6 24. Qxe4 Re8 25. Qxc6 Rxa2 (25... Rc8 26. Qe4 $16) 26. Red1
d5 27. cxd5 exd5 28. Rxd5 Qe7 29. Rdd1 Qe2 30. Rg1 Rc2 31. Qa4 Rc4 32. Qa7 Re7
33. Qa5 Rec7 34. Qd5+ Kg7 35. Rbe1 Qc2 36. Re8 36... R4c5 $4 (36... Kh6 $18
$142) 37. Qd4+ Kh6 38. Qf4+ g5 (38... Rg5 39. h4 Qc5 40. hxg5+ Qxg5 41. Qxc7
Qh5+ 42. Qh2 Qxh2+ 43. Kxh2 $18) 39. Re6+ (39. Re6+ Qg6 40. Qf8+ Rg7 41. Rxg6+
(41. Qxc5 $6 41... Qxe6 42. Rd1 Rd7 43. Rxd7 43... Qxd7 $16) 41... hxg6 42.
Qxc5 $18) 1-0

[Event "Bad Woerishofen op"]
[Site "Bad Woerishofen"]
[Date "2001.??.??"]
[Round "4"]
[White "Damm, Fabian"]
[Black "Lieb, Harald"]
[Result "0-1"]
[WhiteElo "2144"]
[BlackElo "2259"]
[Annotator "ChessOrg"]
[PlyCount "82"]
[EventDate "1998.03.05"]
[Source "ChessBase"]
[SourceDate "1998.04.29"]

1. Nf3 {E11: Damenindisch (Bogoljubow-Variante)} 1... Nf6 2. d4 e6 3. c4 Bb4+
4. Bd2 a5 5. Nc3 b6 6. Bg5 Bb7 7. e3 7... h6 {letzter Buchzug} 8. Bh4 g5 9. Bg3
Ne4 10. Qc2 d6 11. Nd2 Bxc3 12. bxc3 Nxd2 13. Kxd2 Nd7 14. f3 Qe7 15. Bd3 O-O-O
16. e4 h5 17. h4 Rdg8 18. Rag1 Qf6 19. Kc1 e5 20. Qb2 g4 21. Rf1 (21. Qf2 $5
$15) 21... gxf3 $17 22. Rxf3 Qh6+ 23. Kb1 23... f5 $1 24. Qe2 (24. exf5 24...
Bxf3 $19) 24... Rg4 25. exf5 e4 (25... Rhg8 $5 $142 26. Bf2 Bxf3 27. Qxf3 27...
Qd2 $17 (27... Rxg2 $143 28. Qa8+ Nb8 29. c5 dxc5 30. dxe5 $11)) 26. Re3 $15
26... Rxg3 27. Rxg3 exd3 28. Rxd3 Nf6 29. Re3 Bc6 (29... Qf4 30. Ka1 Bxg2 31.
Qxg2 Qxe3 32. Qa8+ Kd7 33. Qxh8 Qxc3+ 34. Kb1 Qd3+ 35. Kb2 Qxd4+ 36. Kb3 a4+
37. Kc2 Qxc4+ 38. Kb1 Qe4+ 39. Kb2 Qe5+ 40. Kb1 Qxf5+ 41. Ka1 Qe5+ 42. Kb1 Qe4+
43. Kb2 Qxh1 44. Qxf6 $19) 30. Re1 (30. Re7 30... Kd8 $11) 30... Qh7 (30... Qf4
31. d5 Qxf5+ 32. Ka1 $15) 31. Ka1 Rg8 32. Re7 Qh6 (32... Qxf5 $2 33. Rf1 Qg4
34. Rxf6 Qxe2 35. Rxe2 Bxg2 36. c5 $18) 33. d5 (33. c5 $5 33... Nd5 34. Re6 $14
) 33... Bd7 $15 34. c5 dxc5 35. Qa6+ Kb8 36. d6 Qd2 (36... Rxg2 37. Rxd7 Rxa2+
38. Kxa2 Qd2+ 39. Kb3 c4+ 40. Qxc4 Qxd6 41. Rxd6 Ne4 42. Rd8+ Kb7 43. Qxe4+ c6
44. Rd7+ Ka6 45. Qc4+ b5 46. Qxc6#) 37. dxc7+ Kxc7 38. Qa7+ Kc6 39. Rb1 Qxc3+
40. Rb2 Kd6 41. Ree2 $2 (41. Rf7 a4 42. Qxb6+ Bc6 43. Rc7 Qe1+ 44. Rb1 $17)
41... Nd5 (41... Nd5 42. Rec2 Qe1+ 43. Rb1 Qe5+ 44. Rcb2 44... Bxf5 $19 (44...
Qxf5 $143 45. Rd1 $19)) (41... Bxf5 $6 42. Qxb6+ Kd5 43. Red2+ Bd3 44. Rxd3+
Qxd3 45. Qxf6 Qd1+ 46. Rb1 Qd4+ 47. Qxd4+ Kxd4 48. Rd1+ Kc4 49. Rc1+ Kb5 50.
Re1 $15) 0-1

[Event "Bad Woerishofen op"]
[Site "Bad Woerishofen"]
[Date "2001.??.??"]
[Round "6"]
[White "Damm, Fabian"]
[Black "Kistella, Roman"]
[Result "0-1"]
[WhiteElo "2144"]
[BlackElo "2258"]
[Annotator "ChessOrg"]
[PlyCount "52"]
[EventDate "1998.03.05"]
[Source "ChessBase"]
[SourceDate "1998.04.29"]

1. d4 {E48: Nimzoindisch (Moderne Variante)} 1... Nf6 2. c4 e6 3. Nc3 Bb4 4. e3
c5 5. Bd3 O-O 6. Nge2 cxd4 7. exd4 d5 8. O-O dxc4 9. Bxc4 Nc6 10. a3 Bd6 11.
Bg5 {letzter Buchzug} 11... Bxh2+ $1 12. Kh1 (12. Kxh2 Ng4+ 13. Kg1 13... Qxg5
$19) 12... Bd6 13. d5 (13. Rc1 13... Re8 $17) 13... Ne5 14. Ba2 h6 15. Bh4 Ng6
16. Bg3 Bxg3 17. Nxg3 (17. fxg3 exd5 18. Nxd5 Nxd5 19. Qxd5 Qxd5 20. Bxd5 Be6
21. Bxe6 21... fxe6 $17) 17... exd5 18. Nxd5 Ng4 19. Kg1 Qh4 20. Re1 Be6 21.
Ne3 (21. Qa4 $5 $19 $142) 21... Qh2+ 22. Kf1 Nxe3+ 23. Rxe3 Nh4 24. Qh5 (24.
Qa4 Qxg2+ 25. Ke2 Nf5 26. Nxf5 26... Bxf5 $19) 24... Qxg2+ 25. Ke2 Ng6 26. Re4
(26. Qf3 Qxf3+ 27. Kxf3 $19) 26... Qxe4+ $1 (26... Qxe4+ 27. Nxe4 Nf4+ 28. Kf1
Nxh5 29. Bxe6 29... fxe6 $19) 0-1

[Event "Bad Woerishofen op"]
[Site "Bad Woerishofen"]
[Date "2001.??.??"]
[Round "9"]
[White "Damm, Fabian"]
[Black "Hornung, Hans"]
[Result "1-0"]
[WhiteElo "2144"]
[BlackElo "2213"]
[Annotator "ChessOrg"]
[PlyCount "125"]
[EventDate "1998.03.05"]
[Source "ChessBase"]
[SourceDate "1998.04.29"]

1. d4 {D02: Damenbauernspiele} 1... d5 2. Nf3 Nf6 3. Bf4 c5 4. e3 Nc6 5. h3 {
letzter Buchzug} 5... Qb6 6. b3 cxd4 7. exd4 Bf5 8. c3 e6 9. Bd3 Ne4 10. O-O
Be7 11. a4 O-O 12. b4 Rac8 13. Ra2 (13. a5 13... Qd8 $11) 13... Bg6 (13... Nxc3
14. Nxc3 Bxd3 15. Qxd3 15... Nxb4 $19) 14. Re2 Qd8 15. Bc2 Nb8 16. Qe1 Nxc3 (
16... Nd7 $5 $11) 17. Nxc3 $14 17... Bxb4 18. Bxb8 Bxc3 19. Qc1 Ba5 20. Bf4 Bd3
21. Qd1 (21. Bxd3 $5 $142 21... Rxc1 22. Rxc1 $14) 21... Bxe2 $15 22. Qxe2 Rc3
(22... Bc7 23. Be5 $15) 23. Bb1 (23. Rc1 23... Qc8 $11) 23... Bb6 24. Bd2 Rc4
25. Be3 (25. Bxh7+ Kxh7 26. Ng5+ Kg6 27. Qd3+ Kf6 28. Nh7+ Ke7 29. Qa3+ Qd6 30.
Qxd6+ Kxd6 31. Nxf8 31... Rxa4 $15) 25... g6 (25... Qe7 26. Bd3 Rc6 27. Ne5 $15
) 26. Bc2 (26. Bd3 26... Rb4 $11) 26... Qc7 27. Bb3 Rc3 28. Rb1 Rc8 29. Bd2
Rxf3 (29... Rc6 $5 $11) 30. Qxf3 $14 30... Bxd4 31. h4 (31. Rc1 31... Qd7 $14)
31... Qe5 $11 32. Bd1 b6 33. Qd3 Rc4 34. a5 (34. Bb3 Qf6 35. Rf1 35... Rc5 $11)
34... Bc5 35. axb6 Bxb6 36. g3 Qf5 37. Qxf5 gxf5 38. Rc1 Rxc1 39. Bxc1 Kg7 40.
Kf1 a5 41. Ke2 d4 42. Bc2 Kf8 43. Bg5 Bc7 (43... Kg7 $5 $16) 44. Bf6 $18 44...
Bb6 45. Kd3 Bc7 46. Bxd4 f4 47. g4 h6 48. Bf6 Bb6 49. f3 Bc5 50. Ke4 (50. h5
Ke8 51. g5 Be7 52. Bxe7 Kxe7 53. gxh6 53... Kf8 $18) 50... Bd6 (50... Be7 51.
Ke5 $18) 51. Bd8 h5 (51... Be7 52. Bxa5 Bxh4 53. Kxf4 $18) 52. Bxa5 hxg4 53.
fxg4 f5+ (53... Kg7 54. Bc3+ f6 55. g5 $18) 54. gxf5 exf5+ 55. Kxf5 f3 56. Kg6
Be5 57. Bb6 Kg8 58. h5 Kh8 (58... Kf8 $18) 59. Be4 (59. h6 f2 60. Bxf2 Bc3 61.
Kf7 Be5 62. Bc5 Bc3 63. Bf8 Bd4 64. Bg7+ Bxg7 65. hxg7#) 59... Bc3 (59... f2
60. Bxf2 Bg7 61. Bc5 Be5 62. Bd5 Bg7 63. h6 Be5 64. Bf8 Bd4 65. Bg7+ Bxg7 66.
hxg7#) 60. Bxf3 Be5 61. Bc5 Bc3 (61... Bg7 62. Bd5 Be5 63. h6 Bc3 64. Bf8 Bd4
65. Bg7+ Bxg7 66. hxg7#) 62. h6 (62. Bd5 Bg7 63. h6 Be5 64. Bf8 Bd4 65. Bg7+
Bxg7 66. hxg7#) 62... Bb2 (62... Bd4 63. Bxd4+ Kg8 64. h7+ Kf8 65. Bf6 Ke8 66.
Bc6+ Kf8 67. h8=Q#) 63. Bf8 (63. Bf8 Kg8 64. Bd6 Kh8 65. Bd5 Bd4 66. Bf8 Be5
67. Bg7+ Bxg7 68. hxg7#) (63. Bd5 Bc3 64. Bf8 Bd4 65. Bg7+ Bxg7 66. hxg7#) 1-0

[Event "Bad Woerishofen op"]
[Site "Bad Woerishofen"]
[Date "2001.??.??"]
[Round "2"]
[White "Deglmann, Ludwig"]
[Black "Damm, Fabian"]
[Result "1-0"]
[WhiteElo "2306"]
[BlackElo "2144"]
[Annotator "ChessOrg"]
[PlyCount "80"]
[EventDate "1998.03.05"]
[Source "ChessBase"]
[SourceDate "1998.04.29"]

1. d4 {D30: Damengambit (ohne Sc3)} 1... d5 2. c4 e6 3. Nf3 Nf6 4. e3 Be7 5. b3
O-O 6. Bd3 6... Nbd7 {letzter Buchzug} 7. O-O c5 8. Bb2 b6 9. Ne5 Bb7 10. Qe2
Qc7 11. Nc3 Rad8 12. Rac1 Rfe8 (12... Nxe5 13. Nb5 Nf3+ 14. Qxf3 $11) 13. f4
Qb8 14. f5 Nf8 (14... dxc4 $5 15. Bxc4 Nxe5 16. dxe5 16... Qxe5 $11) 15. fxe6
$14 15... fxe6 16. cxd5 exd5 17. Bb5 cxd4 18. exd4 (18. Bxe8 $143 18... Qxe5
19. Bb5 dxc3 20. Bxc3 20... Qg5 $17) 18... Bc5 19. Nxd5 19... Rxe5 $4 (19...
Rxd5 $142 20. dxc5 Rexe5 21. Bxe5 21... Rxe5 $15 (21... Qxe5 $143 22. Qxe5 Rxe5
23. c6 $14)) 20. Nxf6+ $18 20... gxf6 21. Bc4+ Bd5 22. Qf2 $4 (22. Qf3 Ne6 23.
Bxd5 Rexd5 24. dxc5 $18) 22... Bxc4 23. Rxc4 Rh5 24. g4 (24. g3 Bd6 25. Qxf6
Rxh2 26. Qg5+ (26. Kxh2 Bxg3+ 27. Kg2 Re8 28. Qf7+ Kh8 29. d5+ Be5 30. Rg4 Ng6
31. Rh1 Nf4+ 32. Kf1 h5 33. Rxh5+ Nxh5 34. Qxh5#) 26... Ng6 27. Kxh2 $18) 24...
Rh3 $4 (24... Rhd5 $142 25. Qxf6 Bd6 26. Qf7+ Kh8 27. Qf6+ Kg8 28. Qf7+ Kh8 29.
Qf6+ 29... Kg8 $11) 25. dxc5 $18 25... Ne6 (25... Rdd3 26. c6 (26. Bxf6 Rdf3
27. Qg2 Qxh2+ 28. Qxh2 Rxf1+ 29. Kxf1 29... Rxh2 $18) 26... Qd6 27. Qf4 $18)
26. c6 (26. Bxf6 $143 26... Rf8 27. cxb6 27... axb6 $18) 26... Qc7 (26... Qd6
27. Bxf6 Rf8 28. Qe2 $18) 27. Qe2 (27. Bxf6 27... Rc8 $18) 27... Ng5 (27... Rd6
$18) 28. Bxf6 (28. Rc2 $142 28... Rh6 29. Bxf6 Nh3+ 30. Kh1 Rxf6 31. Rxf6 $18)
28... Rxh2 29. Qxh2 (29. Qe5 $142 29... Qxe5 30. Bxe5 Rxa2 31. c7 $18) 29...
Nf3+ 30. Rxf3 Rd1+ 31. Rf1 Rxf1+ 32. Kxf1 Qxh2 33. c7 Qh1+ 34. Kf2 Qh2+ 35. Kf3
Qh3+ 36. Kf4 Qh2+ (36... Qf1+ 37. Ke4 Qe2+ 38. Kd5 Qd3+ 39. Ke6 Qe3+ 40. Be5
Qh6+ 41. Kd7 41... Qf8 $18) 37. Kf5 Qf2+ 38. Ke6 Qe3+ 39. Be5 Qh6+ 40. Kd7 Kf7
1-0

[Event "Bad Woerishofen op"]
[Site "Bad Woerishofen"]
[Date "2001.??.??"]
[Round "4"]
[White "Deglmann, Ludwig"]
[Black "Dobierzin, Olaf"]
[Result "1-0"]
[WhiteElo "2306"]
[BlackElo "2163"]
[Annotator "ChessOrg"]
[PlyCount "65"]
[EventDate "1998.03.05"]
[Source "ChessBase"]
[SourceDate "1998.04.29"]

1. d4 {E99: Koenigsindisch (Klassisches System)} 1... Nf6 2. Nf3 g6 3. c4 Bg7
4. Nc3 O-O 5. e4 d6 6. Be2 e5 7. O-O Nc6 8. d5 Ne7 9. Ne1 Nd7 10. Be3 f5 11. f3
Nf6 12. c5 f4 13. Bf2 g5 14. Rc1 Ng6 15. cxd6 cxd6 16. Nb5 {letzter Buchzug}
16... Rf7 (16... b6 $5 $16) 17. Nxa7 $18 (17. Bxa7 $6 17... b6 $11) 17... Bd7
18. Qb3 g4 19. Bb6 (19. Qxb7 $6 19... Be8 20. Qb3 Rfxa7 21. Bxa7 21... Rxa7 $14
) 19... Qe8 (19... Qb8 20. Nb5 gxf3 21. gxf3 $18) 20. Nb5 gxf3 21. Nxf3 Bxb5 (
21... Qe7 22. Ng5 Rff8 23. Nc7 $18) 22. Bxb5 (22. Qxb5 $6 22... Qxb5 23. Bxb5
23... Rxa2 $14) 22... Qf8 (22... Qb8 23. Ng5 Re7 24. Rc4 $18) 23. Ng5 Re7 24.
Bc7 Ne8 (24... Bh6 25. Ne6 Rxe6 26. dxe6 $18) 25. Ne6 Rxe6 26. dxe6 Qe7 27.
Bxe8 Rxe8 28. Rfd1 Kh8 (28... Qxe6 29. Qxe6+ Rxe6 30. Bxd6 $18) 29. Bxd6 Qg5
30. e7 Nxe7 31. Qf7 Qg6 32. Qxg6 Nxg6 33. Rc7 (33. Rc7 b6 34. a4 $18) 1-0

[Event "Bad Woerishofen op"]
[Site "Bad Woerishofen"]
[Date "2001.??.??"]
[Round "6"]
[White "Deglmann, Ludwig"]
[Black "Kuprejchik, Viktor"]
[Result "0-1"]
[WhiteElo "2306"]
[BlackElo "2453"]
[Annotator "ChessOrg"]
[PlyCount "65"]
[EventDate "1998.03.05"]
[Source "ChessBase"]
[SourceDate "1998.04.29"]

1. d4 {D30: Damengambit (ohne Sc3)} 1... d5 2. c4 e6 3. Nf3 Nf6 4. e3 Be7 5. b3
O-O 6. Bd3 c5 7. O-O 7... dxc4 {letzter Buchzug} 8. bxc4 Nc6 9. Nc3 g6 10. Bb2
(10. Ba3 $5 $11) 10... cxd4 $15 11. exd4 Nxd4 12. Nxd4 Qxd4 13. Qe2 Qc5 14. Be4
Bd7 (14... Nh5 $5 $17 $142) 15. Bxb7 $11 15... Rab8 16. Ne4 Nxe4 17. Bxe4 (17.
Qxe4 $2 17... Qb6 $19) 17... Rfc8 18. Rac1 Bg5 19. Rcd1 (19. Rc3 Bc6 20. Rb3
Bxe4 21. Qxe4 21... Rb6 $11) 19... Ba4 20. Rd3 Qxc4 21. Be5 f5 22. Bf3 (22.
Bxb8 $2 22... fxe4 23. Re3 Qxe2 24. Rxe2 Rxb8 25. Rxe4 25... Bd7 $17) 22... Bc2
(22... Bb5 23. Bxb8 23... Rxb8 $11) 23. Rd7 $11 23... Rb1 24. Qxc4 Rxc4 25. g3
(25. Rxa7 Bd3 26. Rxb1 26... Bxb1 $14) 25... Kf8 (25... a5 26. Rg7+ Kf8 27.
Rxh7 $11) 26. Rxh7 Be7 27. Rh8+ Kf7 28. h4 Bf6 29. Bxf6 Kxf6 30. Rh7 (30. Rf8+
$5 30... Ke5 31. Bg2 $11) 30... Ra4 31. Rxb1 Bxb1 32. Bc6 Rxa2 33. Be8 0-1

[Event "Bad Woerishofen op"]
[Site "Bad Woerishofen"]
[Date "2001.??.??"]
[Round "8"]
[White "Deglmann, Ludwig"]
[Black "Kugelmann, Werner"]
[Result "1/2-1/2"]
[WhiteElo "2306"]
[BlackElo "2159"]
[Annotator "ChessOrg"]
[PlyCount "31"]
[EventDate "1998.03.05"]
[Source "ChessBase"]
[SourceDate "1998.04.29"]

1. d4 {E94: Koenigsindisch (Klassisches System)} 1... Nf6 2. Nf3 g6 3. c4 Bg7
4. Nc3 d6 5. e4 O-O 6. Be2 e5 7. O-O Nbd7 8. Be3 c6 9. Qc2 Qe7 10. d5 c5 11.
Ne1 {letzter Buchzug} 11... Ne8 12. Bd3 Nb8 13. f4 exf4 14. Bxf4 Nd7 15. Nf3
Ne5 16. Nxe5 1/2-1/2

[Event "Bad Woerishofen op"]
[Site "?"]
[Date "2001.??.??"]
[Round "1"]
[White "Deues, Erik"]
[Black "Klein, Reinhard"]
[Result "1-0"]
[WhiteElo "2130"]
[BlackElo "1602"]
[Annotator "ChessOrg"]
[PlyCount "85"]
[EventDate "2000.??.??"]

1. d4 {D87: Gruenfeld-Verteidigung (Hauptfortsetzung, Botwinnik-Variante)} 1...
Nf6 2. c4 g6 3. Nc3 d5 4. cxd5 Nxd5 5. e4 Nxc3 6. bxc3 Bg7 7. Bc4 c5 8. Ne2 O-O
9. O-O Nc6 10. Be3 Qc7 11. Rc1 11... Bg4 {letzter Buchzug} 12. f3 Na5 13. Bd3
Bd7 14. Qd2 c4 15. Bb1 e6 (15... Rfd8 16. Bf4 e5 17. Bg5 $14) 16. e5 Nc6 17.
Ng3 f6 18. exf6 Bxf6 19. Bh6 Bg7 20. Bxg7 Kxg7 21. Rce1 Ne7 22. Qg5 Nd5 23.
Nh5+ Kf7 (23... Kh8 24. Qh6 24... Rg8 $14) 24. Qh6 (24. Be4 $5 $142 24... Bc6
25. Bxd5 Bxd5 26. Nf6 $16) 24... gxh5 $11 25. Qxh5+ 25... Ke7 $4 (25... Kf6
$142 26. Qh4+ Kg7 27. Qxh7+ Kf6 28. Qh4+ Kf7 29. Qh5+ Kf6 30. Qh4+ Kf7 31. Qh5+
Kf6 32. Qh4+ $11) 26. Qxd5 $18 26... Rf6 27. Qg5 (27. Bxh7 $6 27... Rh8 28. Qh5
Rf7 29. Qg5+ 29... Kf8 $16) 27... Raf8 28. Re5 (28. Bxh7 28... b5 $18) 28... h6
29. Qg3 Qb6 30. Rfe1 Qd6 31. Qf2 Rg8 32. Qe2 b5 33. d5 33... Kd8 $2 (33... Kf7
$18 $142) 34. dxe6 Qb6+ 35. Kh1 Bc6 (35... Be8 36. Qe4 Rh8 37. Rd1+ Ke7 38. Qg4
$18) 36. Rd1+ (36. e7+ $142 36... Kc7 37. e8=Q Bxe8 38. Rxe8 Rxe8 39. Qxe8 $18)
36... Ke7 37. Be4 Be8 38. Bf5 38... Qc6 $4 (38... Rff8 39. Qe4 Qf2 40. f4 $18)
39. Qe3 (39. Rd7+ $142 39... Kf8 40. Qb2 $18) 39... Qc7 (39... Qb6 40. Rd7+ Kf8
41. Qxb6 axb6 42. Rc7 $18) 40. g4 (40. Rd7+ $142 40... Bxd7 41. exd7+ Qxe5 42.
Qxe5+ 42... Kf7 $18) 40... a5 (40... Qb6 41. Rd7+ $1 41... Kf8 42. Rxa7 Qxe3
43. Rxe3 43... h5 $18) 41. Rd7+ $1 41... Bxd7 42. exd7+ Kd8 43. Re8+ (43. Re8+
Rxe8 44. dxe8=Q#) 1-0

[Event "Bad Woerishofen op"]
[Site "Bad Woerishofen"]
[Date "2001.??.??"]
[Round "3"]
[White "Deues, Erik"]
[Black "Hartoch, Robert"]
[Result "0-1"]
[WhiteElo "2130"]
[BlackElo "2319"]
[Annotator "ChessOrg"]
[PlyCount "84"]
[EventDate "1998.03.05"]
[Source "ChessBase"]
[SourceDate "1998.04.29"]

1. d4 {A42: Moderne Verteidigung (mit c2-c4/ohne Sf6)} 1... g6 2. c4 Bg7 3. Nc3
d6 4. e4 e5 5. dxe5 dxe5 6. Qxd8+ Kxd8 7. Bg5+ {letzter Buchzug} 7... f6 8.
O-O-O+ Nd7 9. Be3 Bh6 10. Nd5 Bxe3+ 11. Nxe3 c6 12. Ne2 Ke7 13. Nc3 Nh6 14. Be2
Nc5 15. b4 Ne6 16. c5 (16. Rd2 Rd8 17. Rxd8 Kxd8 18. Rd1+ 18... Ke7 $11) 16...
Nd4 (16... a5 17. a3 $17) 17. Bc4 (17. Rd2 17... b6 $11) 17... Ng4 (17... b5
18. cxb6 axb6 19. Rd2 $15) 18. Nxg4 Bxg4 19. Rd2 Rhd8 20. h3 Be6 21. Bxe6 Nxe6
22. g3 a5 23. Rxd8 Kxd8 (23... Rxd8 $5 24. bxa5 24... Nxc5 $17) 24. Rd1+ $11
24... Ke7 25. a3 h5 26. h4 g5 27. Rd3 gxh4 28. gxh4 axb4 29. axb4 Ra1+ 30. Nb1
Nd4 (30... Ra4 31. Rb3 $17) 31. Kb2 $15 31... Ra4 32. Kc3 Ra2 33. Rd2 Ra8 34.
Rd3 Rg8 35. Kc4 (35. Nd2 $5 $17) 35... Rg4 $19 36. Nc3 Rxh4 37. Rg3 Kf7 38. Kd3
Rh1 39. Kd2 h4 40. Rg4 $2 (40. Rd3 $19 $142) 40... h3 41. Rg3 (41. Ne2 h2 42.
Nxd4 Rd1+ 43. Kxd1 h1=Q+ 44. Kd2 44... exd4 $19) 41... h2 42. Rh3 Rg1 (42...
Rg1 43. Ne2 h1=Q 44. Rxh1 Rxh1 45. Nxd4 45... exd4 $19) 0-1